000 00582nam a2200193Ia 4500
008 191130s2009##################000#0#eng##
020 _a9788120327535
040 _aACL
_cACL
082 _a658.7 HAN
100 _ahandfield, Robert b
245 _aIntroduction to supply chain management
_cRobert b. handfield, ernest L. nichols, jr
260 _aNew Delhi
_bPHI Learning Private Limited
_c2009
300 _avii, 183p. :ill. ; 23cm
500 _aIncludes index
650 _aManagement
990 _ab7a21cf9ac10000c54b9fee8a040c610
991 _a111720
999 _c220086
_d220086